000
00374nam a22001217a 4500
999
_c
13585
_d
13585
082
_a
891.4309
100
_a
تعارف و ترتیب احمد سلیم
245
_a
جس دھج سے کوئی مقتل کو گیا
260
_a
کراچی
_b
قائد عوام آرکائیوز
_c
٢٠٠٦
300
_a
٤٣٩ صفحات
650
_a
Zulifqar Ali Bhutto, Pakistan
942
_c
BK